| 000 | 00615 a2200169 4500 | ||
|---|---|---|---|
| 020 | _a0131209817 | ||
| 040 |
_aDLC _bDLC |
||
| 082 | 0 | 0 | _a519.544 |
| 100 | 1 | _aMendel, Jerry M., | |
| 245 | 1 | 0 |
_aLessons in estimation theory for signal processing,communications and control _cJerry M. Mendel |
| 260 |
_aEnglewood Cliffs, N.J. : _bPrentice Hall PTR, _cc1995. |
||
| 300 |
_axix, 561 p. : _bill. ; _c25 cm. |
||
| 440 | 0 | _aPrentice Hall signal processing series | |
| 500 | _aPrevious edition published under the title: Lessons in digital estimation theory. | ||
| 650 | 0 | _aEstimation theory. | |
| 942 |
_cBK _k519.544 MEN _2ddc |
||
| 999 |
_c7699 _d7699 |
||